The successful computer system : its planning, development, and management in a business enterprise.

Salvato in:
Dettagli Bibliografici
Autore principale: Orlicky, Joseph
Natura: Libro
Lingua:Undetermined
Pubblicazione: New York McGraw-Hill 1969
Soggetti:
Tags: Aggiungi Tag
Nessun Tag, puoi essere il primo ad aggiungerne! !
Thư viện lưu trữ: Trung tâm Học liệu Trường Đại học Cần Thơ
LEADER 00575nam a2200205Ia 4500
001 CTU_95124
008 210402s9999 xx 000 0 und d
082 |a 658 
082 |b O.71 
100 |a Orlicky, Joseph 
245 4 |a The successful computer system : 
245 0 |b its planning, development, and management in a business enterprise. 
245 0 |c Joseph Orlicky 
260 |a New York 
260 |b McGraw-Hill 
260 |c 1969 
650 |a Business 
650 |x Data processing. 
904 |i Năm 
980 |a Trung tâm Học liệu Trường Đại học Cần Thơ